000 00324nam a22001097a 4500
008 170105b xxu||||| |||| 00| 0 eng d
020 _a9780071409308
041 _aeng
080 _24TH
_a618.2
245 _aFIRST AID FOR THE USMLE STEP 2
_cLE, T & BHUSHAN, V & AMIN, CH & LAFEMINA, J & NORD, J & POURATIAN, N
942 _2udc
_cBK
999 _c2539
_d2539